|
|
|
|
| LEADER |
00000nam a22000007a 4500 |
| 005 |
20170307001014.0 |
| 007 |
cr|||| |||| |
| 008 |
170307s2015 es |||||s|||| 00||0 spa d |
| 020 |
|
|
|a 978-84-9085-601-7
|
| 035 |
|
|
|a 14804
|
| 040 |
|
|
|a vLex
|
| 090 |
|
|
|c 6579
|d 6579
|
| 100 |
1 |
|
|a Vila Ramos, Beatriz
|
| 245 |
1 |
0 |
|a Jurisdiccin̤ constitucional y el procedimiento de defensa de los derechos
|h [Recurso electrn̤ico] /
|c Beatriz Vila Ramos
|
| 256 |
|
|
|a Servicio en ln̕ea
|
| 260 |
|
|
|a Madrid:
|b Dykinson,
|c 2015
|
| 300 |
|
|
|a 1 recurso electrn̤ico
|
| 500 |
|
|
|a El presente volumen pretende facilitar la adquisicin̤ de los conocimientos necesarios sobre la organizacin̤ y funcionamiento de la Jurisdiccin̤ Constitucional y los instrumentos procesales para la tutela jurisdiccional de los derechos fundamentales, especialmente el recurso de amparo ante el Tribunal Constitucional. Se trata de un material bs̀ico, sencillo y manejable que permite obtener una visin̤ general de las garanta̕s jurisdiccionales de los derechos fundamentales en el ordenamiento jurd̕ico espaǫl, dirigido a estudiantes y profesionales del Derecho.
|
| 506 |
1 |
|
|a Disponible solo en los productos indicados
|d vLex Global
|d vLex Global (Academic Edition, excluding Law Schools)
|d vLex Global (U.S. Academic Edition, Law Schools)
|d vLex Global (U.S. Academic Edition, excluding Law Schools)
|d vLex Global (Academic Edition, Law Schools)
|
| 650 |
0 |
4 |
|a Derecho Constitucional
|z Espaą
|
| 650 |
0 |
4 |
|a Derecho Procesal
|z Espaą
|
| 740 |
0 |
|
|a vLex Libros (Servicio en ln̕ea)
|
| 856 |
4 |
0 |
|u http://vlex.com/source/jurisdiccion-constitucional-y-el-procedimiento-de-defensa-de-los-derechos-14804
|z Acceso restringido
|
| 942 |
|
|
|c BOOK
|
| 999 |
0 |
|
|a Constitutional Law
|
| 999 |
0 |
|
|a Procedural Law
|